Statistics for Taylor Swift Songs Featuring Cities Of The World

Click here to take the quiz!

General Stats

  • This quiz has been taken 42 times
  • The average score is 8 of 21

Answer Stats

AlbumCitySong% Correct
LoverLondonLondon Boy
97%
1989New YorkWelcome To New York
97%
MidnightsParisParis
81%
FolkloreSt-Louisthe last great american dynasty
59%
LoverSt-TropezThe Man
59%
RedNew YorkCome Back... Be Here
46%
RedLondonCome Back... Be Here
46%
MidnightsNew YorkMaroon
43%
EvermoreTupelodorothea
41%
RedLondonMessage In A Bottle
32%
FolkloreNew Yorkhoax
30%
EvermoreLos Angeles'tis the damn season
30%
LoverNew YorkFalse God
27%
FolkloreLos Angelesinvisible string
27%
LoverNew YorkDaylight
24%
Speak NowLos AngelesWhen Emma Falls in Love
22%
Speak NowNew YorkWhen Emma Falls in Love
22%
RedNew YorkHoly Ground
11%
RedLos AngelesThe Very First Night
11%
No albumLondonBeautiful Ghosts
5%
No albumLos AngelesDark Blue Tennessee
0%

Score Distribution

Percentile by Number Answered

Percent of People with Each Score

Your Score History

You have not taken this quiz